Básník Karel Toman /

Hlavní autor: Polan, Bohumil, 1887-1971
Další autoři: Krejčí, Karel, 1904-1979
Jazyk: Čeština
Vydáno: Plzeň : Kraj. nakl., 1957
Vydání: 1. vyd.
Témata:
Fyzický popis: 37 s. : [1] obr. příl. ; 8°
Knihy
Uloženo v:
LEADER 01377nam a22003852a 4500
001 001735364
003 CZ BrMZK
005 20200315085145.0
007 ta
008 200315s1957 xr a er|||||||||||cze d
015 |a cnb000727919 
035 |a (OCoLC)85699727 
040 |a ABA001  |b cze  |c ABA001  |d ABA001 
072 7 |a 821.162.3.09  |x Česká literatura (o ní)  |2 Konspekt  |9 11 
072 7 |a 929  |x Biografie  |2 Konspekt  |9 8 
080 |a 821.162.3-1-051  |2 MRF 
080 |a 929  |2 MRF 
080 |a (048.8)  |2 MRF 
100 1 |a Polan, Bohumil,  |d 1887-1971  |7 jk01100435  |4 aut 
245 1 0 |a Básník Karel Toman /  |c Bohumil Polan ; doslov Karel Krejčí 
250 |a 1. vyd. 
260 |a Plzeň :  |b Kraj. nakl.,  |c 1957  |f (ZČT 02) 
300 |a 37 s. :  |b [1] obr. příl. ;  |c 8° 
500 |a Bubla 6793 
500 |a Doplněný a upravený text přednášky vyd. k 70. narozeninám autora 
500 |a Neprodejné 
500 |a 500 výt. 
600 1 7 |a Toman, Karel,  |d 1877-1946  |7 jk01132611  |2 czenas 
650 0 7 |a čeští básníci  |7 ph128168  |y 19.-20. století  |2 czenas 
655 7 |a studie  |7 fd133597  |2 czenas 
700 1 |a Krejčí, Karel,  |d 1904-1979  |7 jz8000649  |4 waw 
910 |a BOA001  |b Bf1-0389.305 
990 |a BK 
991 |b 202003 
996 6 |b 2618831142  |c Bf1-0389.305  |l Stud. starých tisků/4.patro  |r Sklad / do násl. otevíracího dne  |n 0  |w 001787557  |u 000010  |a 1  |e BOA001  |j MZK50  |s P